[Event "TCh-SWE Superettan"]
[Site "Sweden SWE"]
[Date "2017.03.24"]
[Round "7.1"]
[Board "8"]
[White "Moren, Bjorn"]
[Black "Eriksson, Magnus2"]
[Result "0-1"]
[WhiteElo "2106"]
[BlackElo "2033"]
[WhiteTeam "Vaxjo SK"]
[BlackTeam "Horndals SK"]
[WhiteFideId "1713183"]
[BlackFideId "1707540"]
[EventDate "2016.10.14"]

1. e4 e6 2. d4 d5 3. Nc3 Bb4 4. Ne2 Nc6 5. a3 Ba5 6. b4 Bb6 7. Be3 Nge7 8. g3
dxe4 9. Nxe4 Nf5 10. c3 e5 11. d5 Nxe3 12. fxe3 Ne7 13. c4 Bxe3 14. Qd3 Nf5 15.
Ra2 Bh6 16. N2c3 O-O 17. Bh3 Ne3 18. Bxc8 Qxc8 19. Re2 f5 20. Nc5 f4 21. Ne6 Rf6
22. Qe4 c6 23. Qxe5 Nxc4 24. Qe4 f3 25. dxc6 bxc6 26. Qxc4 fxe2 27. Ng5+ Kh8 28.
Nf7+ Rxf7 29. Qxf7 Qd8 30. Nxe2 Qd2+ 31. Kf2 Qe3+ 32. Ke1 Re8 33. Qc4 Qd2+ 34.
Kf2 Be3+ 35. Kg2 Bb6 36. Kf3 Qe3+ 37. Kg4 Re4+ 38. Qxe4 Qxe4+ 39. Nf4 Qxh1 40.
h4 Qd1+ 0-1

[Event "TCh-SWE Superettan"]
[Site "Sweden SWE"]
[Date "2017.03.25"]
[Round "8.2"]
[Board "1"]
[White "Andersson, Tommy"]
[Black "Svenn, Gosta"]
[Result "1/2-1/2"]
[WhiteTitle "FM"]
[BlackTitle "FM"]
[WhiteElo "2395"]
[BlackElo "2317"]
[WhiteTeam "Burgsvik Alva SK"]
[BlackTeam "SK Kamraterna"]
[WhiteFideId "1703803"]
[BlackFideId "1700553"]
[EventDate "2016.10.14"]

1. d4 d5 2. c4 e6 3. Nc3 Bb4 4. e3 Nf6 5. Ne2 dxc4 6. a3 Bd6 7. Ng3 O-O 8. Bxc4
e5 9. d5 Re8 10. e4 c6 11. O-O cxd5 12. exd5 Nbd7 13. Ba2 Nb6 14. Qd3 e4 15. Qb5
Bd7 16. Qe2 Bg4 17. Qe3 Rc8 18. h3 Bd7 19. Qe2 Na4 20. Nxa4 Bxa4 21. b3 Be5 22.
Rb1 Bd7 23. Rd1 e3 24. Bb2 Qb6 25. Bxe5 Rxe5 26. Kh2 Bb5 27. Qb2 Rxd5 28. Rxd5
Nxd5 29. b4 Nf6 30. fxe3 Qxe3 31. Rd1 h6 32. Qd4 Qxd4 33. Rxd4 Kf8 34. Nf5 Bc6
35. b5 Bd7 36. Nd6 Rc2 37. Bxf7 Bxb5 38. Nxb5 Kxf7 39. Nxa7 Ra2 40. a4 Ke6 41.
Nb5 g5 42. Rb4 Nd5 43. Nd4+ Kf6 44. Rxb7 Rxa4 45. Nf3 Ra2 46. Rb3 Nf4 47. Rb6+
Kf5 48. Rb5+ Kf6 1/2-1/2

[Event "TCh-SWE Superettan"]
[Site "Sweden SWE"]
[Date "2017.03.25"]
[Round "8.2"]
[Board "7"]
[White "Larsson, Victor"]
[Black "Borvander, Tom"]
[Result "1/2-1/2"]
[WhiteElo "2188"]
[BlackElo "2162"]
[WhiteTeam "Burgsvik Alva SK"]
[BlackTeam "SK Kamraterna"]
[WhiteFideId "1707019"]
[BlackFideId "1707388"]
[EventDate "2016.10.14"]

1. d4 Nf6 2. c4 g6 3. Nc3 Bg7 4. e4 d6 5. Nf3 O-O 6. Be2 e5 7. O-O Nc6 8. d5 Ne7
9. b4 Nh5 10. g3 f5 11. Ng5 Nf6 12. Bf3 h6 13. Ne6 Bxe6 14. dxe6 Rb8 15. b5 Kh8
16. Be3 Nc8 17. Qd2 Ng8 18. Rad1 Re8 19. exf5 gxf5 20. Bd5 Qf6 21. Kh1 Nge7 22.
c5 dxc5 23. Bxc5 Rd8 24. Qc2 b6 25. Bb4 Nd6 26. Qa4 Nxd5 27. Nxd5 Qxe6 28. Nxc7
Qc4 29. Rc1 Qe4+ 30. f3 Qb7 31. Ne6 Rd7 32. Bxd6 Rxd6 33. Rc7 Rxe6 34. Rxb7 Rxb7
35. Qc2 Rbe7 36. Qxf5 e4 37. fxe4 Rxe4 38. Rf2 R4e5 39. Qc8+ Re8 40. Qd7 R5e7
41. Qd3 Re3 42. Qg6 R3e6 43. Qh5 Rd8 44. Kg2 Re5 45. Qg6 Rxb5 46. Rf7 Rg5 47.
Qc6 Rd2+ 48. Kf3 Rxa2 49. Rxg7 Rxg7 50. Qxh6+ Kg8 51. Qe6+ Rf7+ 52. Ke3 Rxh2 53.
g4 Rf2 54. g5 Rf1 55. Ke2 1/2-1/2

[Event "TCh-SWE Superettan"]
[Site "Sweden SWE"]
[Date "2017.03.26"]
[Round "9.1"]
[Board "4"]
[White "Arnelind, Mikael"]
[Black "Rorvall, Goran"]
[Result "1-0"]
[WhiteElo "2191"]
[BlackElo "2162"]
[WhiteTeam "Orgryte SK"]
[BlackTeam "Horndals SK"]
[WhiteFideId "1704290"]
[BlackFideId "1700650"]
[EventDate "2016.10.14"]

1. d4 Nf6 2. c4 e6 3. Nc3 c5 4. d5 exd5 5. cxd5 d6 6. e4 g6 7. Nge2 Bg7 8. Ng3
O-O 9. Be2 Re8 10. O-O a6 11. a4 Nbd7 12. Be3 Qc7 13. Rc1 h5 14. f3 Rb8 15. b4
b6 16. b5 a5 17. Nb1 Bb7 18. Qd2 Rbc8 19. Bc4 Qd8 20. Bg5 Qe7 21. Na3 Qf8 22.
Ba2 Ne5 23. h3 Nh7 24. Be3 Qe7 25. Bb1 Nf8 26. f4 Ned7 27. Nc4 Nh7 28. f5 h4 29.
fxg6 fxg6 30. Ne2 Nhf6 31. Nc3 Nh5 32. Bg5 Bd4+ 33. Kh2 Be5+ 34. Nxe5 Qxe5+ 35.
Kg1 Ng3 36. Rf2 Qh8 37. Qf4 Rf8 38. Qxd6 Ne5 39. Bf6 Qh6 40. Re1 Rce8 41. Qxb6
Nd7 42. Qxb7 Nxf6 43. d6 Rf7 44. Ba2 Rf8 45. Rxf6 Qd2 46. Rxf7 Qxe1+ 47. Rf1+ 1-0

[Event "TCh-SWE Superettan"]
[Site "Sweden SWE"]
[Date "2017.03.26"]
[Round "9.1"]
[Board "7"]
[White "Bengts, Torleif"]
[Black "Lauritzson, Peter"]
[Result "0-1"]
[WhiteElo "2097"]
[BlackElo "2133"]
[WhiteTeam "Horndals SK"]
[BlackTeam "Orgryte SK"]
[WhiteFideId "1716247"]
[BlackFideId "1711717"]
[EventDate "2016.10.14"]

1. e4 c5 2. c3 Nf6 3. Bd3 Nc6 4. f4 e5 5. Bc2 d5 6. d3 dxe4 7. dxe4 Qxd1+ 8.
Kxd1 Bg4+ 9. Nf3 Rd8+ 10. Ke2 exf4 11. Bxf4 Nh5 12. Be3 Bd6 13. Nd2 O-O 14. g3
Ne5 15. Kf2 Bxf3 16. Nxf3 Ng4+ 17. Ke2 Bxg3 18. Bxc5 Rfe8 19. Rag1 Rxe4+ 20. Kf1
Ne3+ 21. Bxe3 Rxe3 22. hxg3 Rxf3+ 23. Ke2 Rxg3 24. Bxh7+ Kf8 25. Rf1 Rg5 26. Kf3
g6 0-1

[Event "TCh-SWE Superettan"]
[Site "Sweden SWE"]
[Date "2017.03.26"]
[Round "9.4"]
[Board "6"]
[White "Olofsson-Dolk, Mattis"]
[Black "Hanoman, Tony"]
[Result "1-0"]
[WhiteElo "2240"]
[BlackElo "2034"]
[WhiteTeam "Vaxjo SK"]
[BlackTeam "SK Rockaden, Sthlm II"]
[WhiteFideId "1715178"]
[BlackFideId "1714309"]
[EventDate "2016.10.14"]

1. d4 Nf6 2. c4 e6 3. Nc3 Bb4 4. e3 b6 5. Ne2 Ba6 6. a3 Bxc3+ 7. Nxc3 d5 8. Qf3
O-O 9. g4 c6 10. g5 Nfd7 11. cxd5 cxd5 12. Bxa6 Nxa6 13. h4 b5 14. O-O f5 15.
Bd2 Qb6 16. Rac1 Qb7 17. Ne2 Nb6 18. b3 Rac8 19. Nf4 Qd7 20. Bb4 Nxb4 21. axb4
Rxc1 22. Rxc1 Rc8 23. Rc5 Rxc5 24. bxc5 Nc8 25. Nd3 Ne7 26. Qf4 Nc6 27. Ne5 Nxe5
28. Qxe5 Kf7 29. b4 Ke8 30. Qb8+ Kf7 31. Kg2 Kg6 32. Qa8 f4 33. exf4 e5 34. Qb8
Qf5 35. Qe8+ Qf7 36. h5+ 1-0